000 00925cam a2200217 4500
001 ABS64335
008 010905n2001 000 0 eng u
035 _a(Sirsi) u114434
100 _aRoss, T
245 4 _aThe role of building services in sustainable development
260 _c2001
490 _aASI Journal
_v12(9) August 2001, 17(1)
520 _aExamines the role of building services in the provision of sustainable developments. Provides a brief description of the meaning of 'sustainable development' and looks at how building services engineers can contribute to the design of a building in the early stages to help reduce energy consumption in the final building.
590 _aABS
650 _aBlock management
_96220
650 _aSUSTAINABLE DEVELOPMENTS
650 _aSERVICES ENGINEERS
650 _aENVIRONMENTALLY FRIENDLY
690 _aBUILT ENVIRONMENT-SUSTAINABLE CONSTRUCTION
942 _n0
999 _c68159
_d68159